000 00615nam a2200229Ia 4500
003 OSt
005 20221005114155.0
006 a|||||r|||| 00| 0
007 ta
008 221004b |||||||| |||| 00| 0 fre d
024 _a31916
037 _cTextual
040 _aCRL
_cCRL
_bfre
041 _2fre
_afre
082 _a86537:N5, 122K5
110 _aMinistere de L' Infiormation
_9625576
245 0 _aAnnuaire National de la cote d'ivoire,1965.
260 _c1965
700 _aMinistere de L' Infiormation
_9625577
942 _h86537:N5, 122K5
_cTEXL
_2cc
999 _c1030474
_d1030474